000 00750nam a2200205Ii 4500
003 JO-AjNU
008 230605s9999||||xx |||||||||||||| ||und||
040 _aJO-AjNU
_bara
_erda
_cJO-AjNU
041 _aara
050 1 4 _aBF637.S8C37512.2004
100 3 _aكارينجي،ديل ، خطاب،بهاء الدين/ترجمة,
_eauthor
_921758
245 0 0 _a كيف تكسب النجاح-التفوق والثروة في حياتك
250 _aالطبعة العربية الاولى
264 3 1 _aعمان:الاهلية للنشر والتوزيع ،2004
300 _a222ص
336 _atext
_btxt
_2rdacontent
337 _aunmediated
_bn
_2rdamedia
338 _avolume
_bnc
_2rdacarrier
650 4 _aالنجاح-علم النفس
_921759
999 _aA7613
_c11181
_d11181